000
00292nam a22001337a 4500
003
SGT
020
_a
9781851495986
082
_a
294.6
_b
AME
100
_a
AMES, FRANK
245
_a
WOVEN MASTERPIECES OF SIKH HERITAGE
260
_a
CHINA
_b
ACC PUB.
_c
2010
300
_a
254
942
_2
ddc
_c
BK
999
_c
24655
_d
24655